Khartoum International Airport Destinations (Khartoum, Sudan) - Statistics

General Stats
  • This quiz has been taken 79 times
    38 since last reset
  • The average score is 22 of 34
Answer Stats
Airline Destination % Correct
Badr Airlines Abu Dhabi
100%
Badr Airlines/Ethiopian Airlines/Sudan Airways Addis Ababa
100%
Badr Airlines/Egyptair/Sudan Airways/Tarco Aviation Cairo
100%
Badr Airlines/flyadeal/flynas/Saudia/Sudan Airways/Tarco Aviation Riyadh
100%
Badr Airlines/Royal Jordanian/Tarco Aviation Amman (Queen Alia)
96%
Badr Airlines/Qatar Airways/Tarco Aviation Doha
96%
Badr Airlines/Emirates/flydubai Dubai (International)
96%
Badr Airlines/Turkish Airlines Istanbul
96%
Badr Airlines/flyadeal/flynas/Saudia/Sudan Airways/Tarco Aviation Jeddah
96%
Kenya Airways Nairobi (Jomo Kenyatta)
96%
SalamAir Muscat
89%
Sudan Airways/Tarco Aviation Asmara
85%
Gulf Air Bahrain
85%
Badr Airlines/Golden Wings Aviations/Kenya Airways/Nova Airways/Sudan Airways/Tarco Aviation Juba
85%
Yemenia Aden
81%
Syrian Air Damascus
81%
flynas/Saudia Medina
81%
Badr Airlines/Nova Airways/Sudan Airways Port Sudan
81%
flynas/Tarco Aviation Dammam
78%
Afriqiyah Airways Tripoli (Mitiga)
78%
Afriqiyah Airways/Berniq Airways Benghazi
70%
Badr Airlines/Sudan Airways/Tarco Aviation N'Djamena
59%
Tarco Aviation Entebbe
56%
flynas Abha
44%
Badr Airlines/Nova Airways/Sudan Airways El Fasher
26%
Badr Airlines/Eritrean Airlines/Sudan Airways/Tarco Aviation Kano
26%
Badr Airlines Kassala
22%
Badr Airlines/Nova Airways/Sudan Airways Nyala
22%
Badr Airlines/Golden Wings Aviation/Nova Airways Wau
22%
Nova Airways Dongola
19%
Badr Airlines El Obeid
15%
Badr Airlines Damazin
11%
Badr Airlines/Sudan Airways Geneina
11%
Nova Airways Merowe
11%
No matching quizzes found
Score Distribution
Percent of People with Each Score
Percentile by Number Answered
Your Score History
You have not taken this quiz since the last reset